000 00487nam a2200181Ia 4500
005 20250508163223.0
008 008 250505s9999 xx 000 0 eng d
037 _aTextual
040 _aFEDL
_beng
_cFEDL
041 _aeng
_2eng
084 _a161, SWI
_qFEDL
100 _aSwinburne Richard
245 0 _aJustification of Induction
260 _aLondon, UK
_bOxford Univeristy Press
_c1974
300 _a179p.
942 _cTEXL
_h161, SWI
999 _c1381598
_d1381598